000
00328nam a2200133Ia 4500
008
230524s9999 xx 000 0 und d
020
_a
9789350512210
100
_a
J. C. Upadhaya
245
0
_a
Classical Mechanics
260
_b
Himalaya Publishing House
500
_a
Quantity Number: 2
650
_a
Mechanics
942
_c
BK
999
_c
51155
_d
51155